01380cam a2200337 a 45000010009000000050017000090080041000260100017000670150019000840160018001030200036001210200033001570350024001900400052002140500025002660820020002911000025003112450107003362600042004433000035004854900069005205040064005896500050006536500029007037000030007327000032007628300073007949420012008679990017008799520146008961573792320100104120912.0090514s2010 flua |rb 001 0 eng  a 2009019804 aGBA9527082bnb7 a0152667062Uk a9781439803691 (hc : alk. paper) a1439803692 (hc : alk. paper) a(OCoLC)ocn262430622 aDLCcDLCdBTCTAdYDXCPdUKMdC#PdCDXdBWXdDLC00aQA76.623b.I223 201000a006.31222bIBA1 aIba, Hitoshi.91175710aApplied Genetic Programming and Machine Learning /cHitoshi Iba, Topon Kumar Paul, Yoshihiko Hasegawa. aBoca Raton :bCRC Press, 2010cc2010. axxvi, 327 p. :bill. ;c25 cm.1 aThe CRC Press international series on computational intelligence aIncludes bibliographical references and (p. 293-319) index. 0aGenetic programming (Computer science)911758 0aMachine learning.9117591 aPaul, Topon Kumar.9117601 aHasegawa, Yoshihiko.911761 0aCRC Press international series on computational intelligence.911762 2ddccBB c13480d13480 00102ddc40708AlahramaMAINbMAINcLOWd2010-02-23epurchaseg519.50h36l1m3o006.31 IBAp000019980r2025-07-15 00:00:00s2018-02-20yBB